Sports Quiz

Random Sports Quiz

All-Time Toronto Maple Leafs Quiz Stats

Quiz not verified by Sporcle

Also try: 4-Letter MLB Teams
Challenge
Share
Tweet
Embed
Score 0/163 Timer 20:00
0 Plays Today
Years Name % Correct
1994-2008Mats Sundin
97.7%
1991-2003Doug Gilmour
89%
1985-2000Wendel Clark
87.3%
1970-1982Darryl Sittler
87.1%
1998-2009Curtis Joseph
83.1%
1973-1989Borje Salming
83%
1991-1999Felix Potvin
79.6%
1989-2006Tie Domi
77.2%
1960-1975Dave Keon
77.1%
1949-1970Tim Horton
76.5%
1956-1970Johnny Bower
76.4%
2000-2008Bryan McCabe
76.3%
1949-1971George Armstrong
74.7%
1999-2008Darcy Tucker
71.8%
1979-1987Rick Vaive
68.9%
2000-2004Gary Roberts
68.7%
1973-1980Lanny McDonald
68.2%
1999-2009Nikolai Antropov
67.6%
1936-1948Syl Apps
66.8%
1956-1968Frank Mahovlich
64.3%
1946-1958Sid Smith
63.3%
1936-1952Turk Broda
63%
1942-1957Ted Kennedy
62.3%
1984-1996Todd Gill
62.3%
1992-1996Dave Andreychuk
62.2%
1984-2001Steve Thomas
62.2%
1991-1994Glenn Anderson
58.8%
1977-1985John Anderson
58.4%
1974-1980Dave 'Tiger' Williams
58%
2000-2006Aki Berg
56.9%
1982-1992Gary Leeman
56.4%
1963-1981Ron Ellis
55.6%
1959-1967Red Kelly
55.4%
1934-1940Pep Kelly
53.9%
1929-1938Charlie Conacher
52.6%
1996-2000Mike Johnson
52.4%
1990-1997Dave Ellett
51.8%
1996-2001Sergei Berezin
51.3%
1976-1984Mike Palmateer
51.1%
2005-2009Alexander Steen
48.8%
1986-1991Vincent Damphousse
48.4%
1956-1973Bob Baun
47.6%
1991-1998Jamie Macoun
47.3%
1929-1939Busher Jackson
46.7%
1990-1994Peter Zezel
46.5%
1973-1982Ian Turnbull
46.4%
1946-1951Bill Barilko
46%
1983-1991Allan Bester
45.6%
2006-2009Pavel Kubina
45.5%
1967-1974Paul Henderson
44.7%
1930-1937King Clancy
44.5%
1984-1991Al Iafrate
43.6%
1983-1989Russ Courtnall
43.5%
1967-1975Norm Ullman
43.4%
1927-1934Ace Bailey
43.1%
Years Name % Correct
1956-1970Bob Pulford
42.5%
1986-1994Mark Osborne
42.4%
1999-2003Jonas Hoglund
42.1%
2000-2008Wade Belak
41%
1927-1937Hap Day
39.7%
1995-2002Dmitri Yushkevich
38.9%
1958-1968Allan Stanley
38.5%
1979-1986Bill Derlago
38%
1983-1989Ken Wregget
37.5%
1985-1992Tom Fergus
37.3%
1970-1978Errol Thompson
37.2%
1997-2001Danil Markov
36.5%
1954-1964Dick Duff
36.4%
1960-1975Eddie Shack
36.2%
2001-2004Robert Reichel
35.6%
1957-1980Carl Brewer
35.1%
1987-1991Ed Olczyk
35%
1997-2003Alyn McCauley
34.8%
1981-1988Miroslav Frycer
34.6%
1987-2006Luke Richardson
34.1%
1990-1994Bob Rouse
33.9%
1927-1936Joe Primeau
33.8%
1982-1990Dan Daoust
33.5%
1952-1965Ron Stewart
33.1%
1946-1954Howie Meeker
32.9%
1998-2002Garry Valk
32.2%
1997-2001Igor Korolev
32%
1928-1940Red Horner
31.9%
1965-1978Jim McKenny
31.6%
1947-1953Max Bentley
31.2%
1982-1990Peter Ihnacak
30.9%
1981-1993Bob McGill
30.9%
1987-1992Daniel Marois
30.4%
1996-1999Fredrik Modin
29.9%
2003-2008Chad Kilger
29.7%
1991-1996Ken Baumgartner
29.1%
1955-1965Billy Harris
28.5%
1990-1994Mike Krushelnyski
27.9%
1954-1959Brian Cullen
27.4%
1932-1939Bill Thoms
27.3%
1969-1978Brian Glennie
27.2%
1973-1978Inge Hammarstrom
26.8%
1967-1978Mike Pelyk
26.7%
1952-1956Harry Lumley
26.6%
1945-1957Jim Thomson
26.2%
1998-2011Tomas Kaberle
26.1%
1972-1978George Ferguson
25.7%
1947-1958Tod Sloan
25.6%
1965-1970Marcel Pronovost
25.5%
1981-1987Jim Benning
25.4%
1963-1968Jim Pappin
25%
1936-1942Gordie Drillon
24.9%
1979-1984Terry Martin
24.4%
1994-2000Todd Warriner
24.4%
1946-1955Harry Watson
24.1%
Years Name % Correct
1982-1986Gary Nylund
24%
1934-1946Bob Davidson
23.4%
1934-1948Nick Metz
23%
1988-1991Dave Reid
22.9%
1928-1933Lorne Chabot
22.8%
1957-1964Bob Nevin
22.6%
1993-1999Darby Hendrickson
22.6%
1975-1980Pat Boutette
22%
1965-1971Mike Walton
22%
1963-1968Pete Stemkowski
21.9%
1960-1968Larry Hillman
21.6%
1982-1988Greg Terrion
21.4%
1948-1952Cal Gardner
20.5%
1939-1946Sweeney Schriner
20.5%
1965-1971Bruce Gamble
20.4%
1951-1958Jim Morrison
20.3%
1962-1967Kent Douglas
20.3%
1973-1978Bob Neely
20.1%
1977-1982Dan Maloney
20%
1958-1962Bert Olmstead
20%
1968-1972Jim Dorey
19.7%
1949-1960Rudy Migay
19.6%
1968-1972Rick Ley
19.5%
1941-1946Lorne Carr
19.1%
1977-1980Jerry Butler
19.1%
1935-1945Reg Hamilton
18.9%
1967-1970Murray Oliver
18.9%
1980-1985Stewart Gavin
18.8%
1939-1946Billy Taylor
18.8%
1942-1956Joe Klukay
18.7%
1946-1952Gus Mortson
18.3%
1970-1979Garry Monahan
18.3%
1928-1935Harold Cotton
18.1%
1944-1950Bill Ezinicki
17.7%
1949-1957Hugh Bolton
17.7%
1978-1983Rocky Saganiuk
17.3%
1954-1960Marc Reaume
17.1%
1939-1948Wally Stanowski
16.6%
1946-1950Vic Lynn
16.6%
1951-1956Eric Nesterenko
16.4%
2000-2010Alexei Ponikarovsky
16.4%
1950-1954Fern Flaman
16.3%
2008-PresentMikhail Grabovski
16.1%
1928-1936Andrew Blair
16%
1979-1984Dave Farrish
15.8%
2008-PresentNikolai Kulemin
15.4%
1948-1952Bill Juzda
15.2%
1932-1939Frank Boll
14.8%
2002-2010Matt Stajan
14.1%
1948-1955Ray Timgren
12.3%
2005-2010Ian White
12.1%
2007-2010Jason Blake
12%
2008-PresentLuke Schenn
10.4%

You're not logged in!

Compare scores with friends on all Sporcle quizzes.
Join for Free
OR
Log In

You Might Also Like...

Show Comments

Extras

Top Quizzes Today


Score Distribution

Your Account Isn't Verified!

In order to create a playlist on Sporcle, you need to verify the email address you used during registration. Go to your Sporcle Settings to finish the process.

Report this User

Report this user for behavior that violates our Community Guidelines.

Details: